<?xml version="1.0" encoding="UTF-8"?><?xml-stylesheet type="text/xsl" href="static/style.xsl"?><OAI-PMH xmlns="http://www.openarchives.org/OAI/2.0/" xmlns:xsi="http://www.w3.org/2001/XMLSchema-instance" xsi:schemaLocation="http://www.openarchives.org/OAI/2.0/ http://www.openarchives.org/OAI/2.0/OAI-PMH.xsd"><responseDate>2026-04-18T01:29:51Z</responseDate><request verb="GetRecord" identifier="oai:www.recercat.cat:2072/475119" metadataPrefix="marc">https://recercat.cat/oai/request</request><GetRecord><record><header><identifier>oai:recercat.cat:2072/475119</identifier><datestamp>2025-05-08T15:26:42Z</datestamp><setSpec>com_2072_98</setSpec><setSpec>col_2072_378192</setSpec></header><metadata><record xmlns="http://www.loc.gov/MARC21/slim" xmlns:dcterms="http://purl.org/dc/terms/" xmlns:xsi="http://www.w3.org/2001/XMLSchema-instance" xmlns:doc="http://www.lyncode.com/xoai" xsi:schemaLocation="http://www.loc.gov/MARC21/slim http://www.loc.gov/standards/marcxml/schema/MARC21slim.xsd">
   <leader>00925njm 22002777a 4500</leader>
   <datafield ind2=" " ind1=" " tag="042">
      <subfield code="a">dc</subfield>
   </datafield>
   <datafield ind2=" " ind1=" " tag="720">
      <subfield code="a">Catanzaro, Michele</subfield>
      <subfield code="e">author</subfield>
   </datafield>
   <datafield ind2=" " ind1=" " tag="260">
      <subfield code="c">2022</subfield>
   </datafield>
   <datafield ind2=" " ind1=" " tag="520">
      <subfield code="a">Entrevista a Giulio Boccaletti. Aquest físic italià establert a Londres va començar investigant sobre el clima a la Universitat de Princeton i la NASA i ha acabat ocupant-se de política i empresa en organitzacions com la consultora McKinsey i la fundació The Nature Conservancy. L'aigua és un element natural i polític alhora, afirma al seu últim llibre, "Agua: una biografía", Ático de los Libros.</subfield>
   </datafield>
   <datafield ind2=" " ind1=" " tag="520">
      <subfield code="a">Entrevista a Giulio Boccaletti. Este físico italiano afincado en Londres empezó investigando sobre el clima en la Universidad de Princeton y la NASA y ha acabado ocupándose de política y empresa en organizaciones como la consultora McKinsey y la fundación The Nature Conservancy. El agua es algo natural y político a la vez, afirma en su último libro, "Agua: una biografía", Ático de los Libros.</subfield>
   </datafield>
   <datafield ind2="0" ind1="0" tag="245">
      <subfield code="a">«Les inundacions depenen de com es gestionen els boscos»</subfield>
   </datafield>
</record></metadata></record></GetRecord></OAI-PMH>